00698nam a2200241 a 4500001001300000003000900013005001700022008004100039020001000080082002000090100002100110245002900131260004400160300000900204500003500213505001700248650001900265700002100284902000800305942000700313952012100320999001500441nice12345678IN_TiNIC20260116012348.0050524s0000 geoa grp 000 0 eng  ac10000a305.402208bGUT aGutzke, M George aSome Women of the Bible. aGeorgiabBible Truth for Everydayc0000 a1 &2 aincludes index and biblioraphy2 aPart 1 and 2 aWomen in Bible1 aGutzke, M George bSRS cBK 001040708StackRoom-aHMIbHMId2007-03-21g100.00l0o305.402208 GUTp011860r2007-03-21v100.00w2005-05-24yBK c6705d6705